000 00942nam a2200289 i 4500
001 16893
003 KOSZ 005
005 20200218100501.0
008 950505s1974 pl f 000 0 pol
040 _cBPK
041 0 _apol
080 _a69
080 _a72
080 _a631.2
100 1 _aTeschich, August
_eAutor
245 0 _aArchitektura i budownictwo wiejskie /
_cAugust Teschich, Miriam Wiśniewska, Jerzy Wiśniewski.
260 _aWarszawa :
_bPaństwowe Wydawnictwo Naukowe,
_c1974.
300 _a315, [4] s. :
_bil. ;
_c24 cm.
504 _aBibliogr. s. [317].
650 _aBudownictwo wiejskie
655 _aPodręcznik
658 _aArchitektura i budownictwo
700 1 _aWiśniewska, Miriam
_eAutor
700 1 _aWiśniewski, Jerzy
_c(architekt)
_eAutor
856 _uhttp://koha.tu.koszalin.pl/cgi-bin/koha/opac-detail.pl?biblionumber=16893
_yKatalog online BPK
942 _cKS
_2UKD
999 _c16893
_d16893